=LDR 00000nam 2200000 4500 =001 INLIS000000000040279 =005 20130612145841 =008 ***********************************ind** =035 ##$$a0010-061300000040279 =041 ##$$a ind =082 ##$$a 813 =090 ##$$a 813, Har d =100 ##$$a Harris, Charlaine =245 ##$$a Dead As A Doornail, Vampir dan Shapeshifter, Charlaine Harris =260 ##$$a 2009 $b Esensi =300 ##$$a 442 hlm, 17 cm =850 ##$$a NBPNMAT =990 ##$$a 21400613/BPAP-NTB/20142014 =990 ##$$a 0001/BPAP-NTB/20142014